| 000 | 00597ntaaa2200205 4500 | ||
|---|---|---|---|
| 003 | 01 | ||
| 005 | 20251027202919.0 | ||
| 008 | 0714s1973 ag 01 | ||
| 040 |
_aAR-BaBN _bspa _cAR-BaBN _eaacr _dRIC |
||
| 082 | _a922.0000 P27 | ||
| 100 |
_aPaton, Juan G _924351 |
||
| 245 | _aTreinta años entre los canibales | ||
| 250 | _a1 ed. | ||
| 260 |
_aEl Paso : _bCasa Bautista de Publicaciones, _c1952 |
||
| 300 | _a138 p | ||
| 500 | _aApuntes sacados de las memorias autobiograficas de Paton, misionero de Nuevas Hébridas | ||
| 650 | _amisiones | ||
| 650 |
_abiografía-Paton _929619 |
||
| 942 | _cBK | ||
| 999 |
_c24382 _d24382 |
||